000
00280nam a2200097Ia 4500
008
220120s9999||||xx |||||||||||||| ||und||
100
_a
Divya K.P and Smitha B.R
_9
12378
245
0
_a
E-Bidding
260
_a
Coorg Institute of Technology
_b
Ponnampet
_c
2012
650
_a
COMPUTER SCIENCE
999
_c
137965
_d
137965